Matemáticas discretas (Registro nro. 3095)

Detalles MARC
000 -Cabecera
Campo de control de longitud fija 01059aam a2200385 4500
005 - Fecha y hora de la última transacción
Campo de control 20260506165426.0
008 - Elementos de longitud fija--Información general
Campo de control de longitud fija 150306b2013 xxu||||| |||| 00| 0 spa d
020 ## - International Standard Book Number
Número Internacional Estándar del Libro (ISBN) 9786073210027
041 ## - Idioma
Código de idioma Español
082 ## - Clasificación Decimal Dewey
Número de clasificación 004.015.1 A785m
100 ## - Entrada principal--Autor personal
Nombre personal Artavia Chinchilla, Virginia
245 ## - Título propiamente dicho
Título Matemáticas discretas
260 ## - Pie de imprenta
Lugar de publicación, distribución, etc. México
260 ## - Pie de imprenta
Nombre del editor, distribuidor, etc. Pearson Educación
260 ## - Pie de imprenta
Fecha de publicación, distribución, etc. 2013
300 ## - Descripción física
Extensión 160 páginas
490 ## - Serie
Título de la Serie Big Data
490 ## - Serie
Título de la Serie Tecnologías de la Información
650 ## - Materia general
Temática (materia general) PRINCIPIOS MATEMÁTICOS
650 ## - Materia general
Temática (materia general) MATEMÁTICAS DISCRETAS
650 ## - Materia general
Temática (materia general) LÓGICA PROPOSICIONAL
650 ## - Materia general
Temática (materia general) LÓGICA DE PREDICADOS
650 ## - Materia general
Temática (materia general) CONSECUENCIA LÓGICA
650 ## - Materia general
Temática (materia general) EQUIVALENCIA LÓGICA
650 ## - Materia general
Temática (materia general) CUANTIFICADORES
650 ## - Materia general
Temática (materia general) VALIDEZ DE FÓRMULAS
650 ## - Materia general
Temática (materia general) TEORÍA DE LOS CONJUNTOS
650 ## - Materia general
Temática (materia general) CONJUNTOS FINITOS
650 ## - Materia general
Temática (materia general) CONJUNTOS INFINITOS
650 ## - Materia general
Temática (materia general) CONJUNTO VACÍO
650 ## - Materia general
Temática (materia general) RELACIONES ENTRE CONJUNTOS
650 ## - Materia general
Temática (materia general) GRÁFICAS
650 ## - Materia general
Temática (materia general) ÁRBOLES POSICIONALES
942 ## - Punto de acceso adicional KOHA
Tipo de ítem KOHA Libro
Fuente del sistema de clasificación o colocación Dewey Decimal Classification
Existencias
Signatura completa Código de barras Programa Académico Tipo de ítem
004.015.1 A785m 17870   Libro
004.015.1 A785m 17871   Libro
004.015.1 A785m 18963   Libro
004.015.1 A785m 18964   Libro
004.015.1 A785m 23137   Libro
004.015.1 A785m 23138   Libro